| 000 | 00521nam a2200145 a 4500 | ||
|---|---|---|---|
| 008 | 120416s0000 ||||||||||||||||| || u | ||
| 020 | _a083062614X | ||
| 050 | _aTK 6563 Sch | ||
| 100 | _aSchultz, John | ||
| 245 | 1 | 0 | _aUnderstanding and using radio communication receivers |
| 260 |
_aBlue Ridge Summit, Pa. _bTAB Books _c1972 |
||
| 300 | _a192p. : ill | ||
| 350 | _a0.00 | ||
| 995 |
_D0.00 _FCBU-MAIN LIBRARY (Kitwe) _H1 _I2.95 _M1 _UDAMAGED _ZMain Library Open Access Collection |
||
| 999 |
_c60663 _d60663 |
||